| 000 | 00524nam a2200169Ia 4500 | ||
|---|---|---|---|
| 008 | 090201s9999 xx 000 0 und d | ||
| 010 | _aKPL-36822 | ||
| 040 | _bमराठी | ||
| 041 | _aमराठी | ||
| 082 |
_a28645 _b36822 |
||
| 100 | _aप्रभाकर दिघे | ||
| 245 |
_aइंद्राणी _cप्रभाकर दिघे |
||
| 260 |
_c2004 _bदिलीपराज प्रकाशन |
||
| 300 |
_a250 _bमोठा |
||
| 600 | _aइंद्राणी | ||
| 942 | _cBOOK | ||
| 999 |
_c227309 _d227309 |
||